[Event "SWZ-ch op"]
[Site "Luzern"]
[Date "1994.??.??"]
[Round "?"]
[White "Morris, Charles F"]
[Black "Raeber, Markus"]
[Result "0-1"]
[WhiteElo "2245"]
[BlackElo "2110"]

1.d4 Nf6 2.c4 g6 3.Nf3 Bg7 4.g3 O-O 5.Bg2 d6 6.O-O Nbd7 7.Nc3 e5 8.e4 Re8
9.Re1 a6 10.h3 exd4 11.Nxd4 Rb8 12.Be3 Ne5 13.b3 c5 14.Nc2 b5 15.cxb5 axb5
16.f4 Ned7 17.Qxd6 b4 18.e5 bxc3 19.exf6 Rb6 20.Qd1 Rxf6 21.Bf2 Rxe1+ 22.Bxe1 Re6
23.Qf3 Ba6 24.Bf1 Bxf1 25.Kxf1 Qa5 26.Qd3 Nb8 27.a3 Re8 28.b4 cxb4 29.axb4 Qc7
30.Ra5 Nc6 31.Rd5 Qb7 32.Rb5 Qa6 33.Rd5 Qa8 34.Kg1 Nxb4 35.Nxb4 Rxe1+ 36.Kf2 Re8
37.f5 Qa7+ 38.Kg2 Qb7 39.Qb5 Qxb5 40.Rxb5 Re2+ 41.Kf3 Rb2  0-1

[Event "SWZ-ch int"]
[Site "Luzern"]
[Date "1994.??.??"]
[Round "1"]
[White "Nemet, Ivan"]
[Black "Gallagher, Joseph G"]
[Result "0-1"]
[WhiteElo "2425"]
[BlackElo "2470"]

1.d4 Nf6 2.c4 g6 3.Nf3 Bg7 4.g3 O-O 5.Bg2 d6 6.O-O Nbd7 7.Nc3 e5 8.e4 exd4
9.Nxd4 Re8 10.Re1 Nc5 11.h3 a6 12.Rb1 h6 13.b4 Ne6 14.Nxe6 Bxe6 15.Nd5 Nd7
16.Bb2 Bxb2 17.Rxb2 Ne5 18.Rc2 c6 19.Ne3 b5 20.cxb5 axb5 21.Ree2 Qe7 22.Red2 Red8
23.Bf1 Ra3 24.Bg2 h5 25.Qe2 Qa7 26.Kh2 Qb6 27.Qd1 Qb8 28.Qc1 Qa7 29.Qd1 Qe7
30.Kg1 Rd7 31.Nf1 Nc4 32.Rd3 Ra4 33.f4 Rd8 34.f5 Bc8 35.Rf3 Ne5 36.Rb3 Qa7+
37.Kh1 Rxa2 38.Rxa2 Qxa2 39.f6 Qf2 40.Ra3 Qxf6  0-1

[Event "SWZ-ch int"]
[Site "Luzern"]
[Date "1994.??.??"]
[Round "11"]
[White "Brunner, Lucas"]
[Black "Nemet, Ivan"]
[Result "1/2-1/2"]
[WhiteElo "2525"]
[BlackElo "2425"]

1.Nf3 Nf6 2.c4 g6 3.d4 Bg7 4.g3 O-O 5.Bg2 d6 6.O-O c6 7.b3 a5 8.Nc3 Bf5 9.Bb2 Ne4
10.Nh4 Nxc3 11.Bxc3 Be6 12.Qd3 d5 13.e4 dxe4 14.Qxe4 Nd7 15.Rad1 Nf6 16.Qc2 a4
17.Rfe1 Bg4 18.f3 axb3 19.axb3 Be6 20.f4 Qd7 21.Qb2 Bg4 22.Rd2 Rfd8 23.Nf3 Bxf3
24.Bxf3 Qc7 25.Kg2 Rd7 26.Ra1 Rad8 27.Ba5 b6 28.Bc3 h5 29.Rd3 Ne8 30.Rad1 e6
31.Kh1 Nd6 32.Qg2 Rc8 33.Be1 b5 34.Qc2 bxc4 35.bxc4 Nf5 36.Bc3 Rcd8 37.Qb2 c5
38.d5 Bxc3 39.Qxc3 exd5 40.Rxd5 Nd4 41.Re1 Rb8 42.Bg2 Re7 43.Rde5 Rxe5 44.Rxe5 h4
45.Qe1 h3 46.Bxh3 Nf3 47.Re8+ Kh7 48.Qe4 Nd2 49.Re7 Qa5 50.Rxf7+ Kh6 51.Rh7+ Kxh7
52.Qe7+  1/2-1/2

[Event "Madrid-B"]
[Site "Madrid"]
[Date "1994.??.??"]
[Round "6"]
[White "Barez, Hector"]
[Black "Candela Perez, Jose"]
[Result "1-0"]
[WhiteElo "2340"]
[BlackElo "2340"]

1.Nf3 Nf6 2.c4 g6 3.g3 Bg7 4.Bg2 d6 5.d4 O-O 6.O-O c5 7.dxc5 dxc5 8.Ne5 Nfd7
9.Nxd7 Nxd7 10.Qd3 Nb6 11.Rd1 Qc7 12.Nc3 Be6 13.Nd5 Bxd5 14.cxd5 Rfd8 15.e4 Nd7
16.Bf4 Qb6 17.Qc2 Ne5 18.Be3 Rac8 19.Bh3 Rc7 20.Rac1 Nf3+ 21.Kg2 Qf6 22.Qe2 Ng5
23.Bf4 e5 24.dxe6 Rc6 25.Rxd8+ Qxd8 26.exf7+ Nxf7 27.Rd1 Bd4 28.b4 cxb4 29.e5 Qd5+
30.Kg1 Nxe5 31.Bg2 Qc4 32.Qxc4+  1-0

[Event "Madrid-B"]
[Site "Madrid"]
[Date "1994.??.??"]
[Round "8"]
[White "Cuevas Rodriguez, Ma Luisa"]
[Black "Elguezabal Varela, Daniel"]
[Result "0-1"]
[WhiteElo "2245"]
[BlackElo "2370"]

1.d4 Nf6 2.Nf3 g6 3.c4 Bg7 4.g3 O-O 5.Bg2 d6 6.O-O Nbd7 7.Nc3 e5 8.e4 c6
9.h3 Qa5 10.Be3 Nb6 11.Qd3 exd4 12.Nxd4 Qa6 13.b3 d5 14.exd5 Nfxd5 15.Nxd5 cxd5
16.Qe2 dxc4 17.a4 Re8 18.Rfd1 Be6 19.b4 Nd5 20.b5 Qa5 21.Nxe6 fxe6 22.Bd4 Qc7
23.Rac1 Rac8 24.h4 c3 25.Qd3 Red8 26.Qe4 Qf7 27.Bxg7 Kxg7 28.Rd3 Nf6 29.Qf3 Rxd3
30.Qxd3 Qc7 31.Qe3 c2 32.Qxe6 Qc3 33.Qe7+ Kg8 34.Qe6+ Kg7 35.Qe7+ Kh6 36.Qe3+ Qxe3
37.fxe3 Ng4 38.Be4 Nxe3 39.Kf2 Ng4+ 40.Ke2 Re8 41.Kf3 Ne5+ 42.Kf4 Nc4 43.Rxc2 Rf8+
44.Kg4 Ne3+ 45.Kh3 Nxc2 46.Bxc2 Rc8 47.Be4 Rc7 48.Bd5 b6 49.Kg4 Kg7 50.Kf4 Kf6
51.Bc6 Re7  0-1

[Event "Makarska"]
[Site "Makarska"]
[Date "1994.??.??"]
[Round "?"]
[White "Dizdar, Goran"]
[Black "Matkovic, Tonci"]
[Result "1-0"]
[WhiteElo "2465"]
[BlackElo "2255"]

1.d4 Nf6 2.Nf3 g6 3.c4 Bg7 4.g3 O-O 5.Bg2 d6 6.O-O Nc6 7.Nc3 e5 8.d5 Na5
9.Nd2 c5 10.dxc6 Nxc6 11.Nde4 Nxe4 12.Nxe4 Nd4 13.e3 Nf5 14.b3 Be6 15.Qd2 Qb6
16.Rd1 Rfd8 17.Ng5 Rd7 18.Ba3 Rad8 19.Bb4 Qc7 20.Rac1 Bf8 21.Ba5 b6 22.Bb4 Rc8
23.Ne4 Qd8 24.Qb2 d5 25.Bxf8 Kxf8 26.cxd5 Rxc1 27.Rxc1 Rxd5 28.Bf3 Ng7 29.h4 h6
30.Rc2 Ne8 31.Nc3 Rd7 32.Nb5 Qf6 33.Be4 Bf5 34.Bxf5 Qxf5 35.Rd2 Nf6 36.Rxd7 Qxd7
37.Qxe5 Ng4 38.Qd6+ Qxd6 39.Nxd6 Ne5 40.Kf1 Nc6 41.Ke2 Ke7 42.Ne4 f5 43.Nc3 Kd6
44.e4 Kc5 45.exf5 gxf5 46.Ke3 Kd6 47.Kf4 Ke6 48.g4 fxg4 49.Kxg4 Kf6 50.Kh5 Kg7
51.Nd5 Ne5 52.f4 Nd3 53.f5 Nc1 54.f6+ Kf7 55.Kxh6 Nxa2 56.Kg5 Nc1 57.h5 Nd3
58.h6 Ne5 59.h7 Ng6 60.Ne7 Nh8 61.Nc8  1-0

[Event "CRO-chT"]
[Site "Makarska"]
[Date "1994.??.??"]
[Round "5"]
[White "Muhvic, Damir"]
[Black "Pandurevic, Miro"]
[Result "0-1"]
[WhiteElo "2240"]
[BlackElo "2215"]

1.d4 Nf6 2.c4 g6 3.Nf3 Bg7 4.g3 O-O 5.Bg2 d6 6.O-O Nbd7 7.Nc3 c5 8.d5 a6
9.a4 Nb6 10.Nd2 e5 11.e4 Rb8 12.Qc2 Bd7 13.b3 Qc8 14.a5 Na8 15.Re1 Nh5 16.Qd1 b5
17.axb6 Rxb6 18.Bb2 Bh6 19.Ncb1 Nc7 20.Bc3 Ne8 21.Nf1 Neg7 22.Ba5 Rb7 23.Bd2 Bxd2
24.Nbxd2 Rb4 25.Ne3 f5 26.exf5 gxf5 27.Nc2 Rb6 28.f3 Qd8 29.Ra3 Qg5 30.Nf1 Rf6
31.Qd2 Qxd2 32.Nxd2 Rg6 33.Rea1 Bc8 34.Kf2 Nf6 35.Ra4 h5 36.b4 Nd7 37.Rb1 h4
38.Ne1 hxg3+ 39.hxg3 Nh5 40.Nd3 Nxg3 41.bxc5 Rxb1 42.Nxb1 dxc5 43.Ra5 Nh5
44.Nxc5 Rb6 45.Nd2 Rb2 46.Nb3 Nf4 47.Bf1 Kf7 48.Ke1 e4 49.fxe4 fxe4 50.Kf2 Nf6
51.Ke3 N4h5 52.Rc5 Bd7 53.Rc7 Ke8 54.Be2 Ng3 55.Nd4 Nxe2 56.Kxe2 Ng4 57.Ke1 e3
58.Ne4 Ne5 59.Nc5 Bg4 60.Rb7 Rh2 61.Rb8+ Kf7 62.Rb7+ Kg6 63.Rb6+ Kh5 64.Kf1 e2+
65.Nxe2 Bxe2+  0-1

[Event "CRO-chT"]
[Site "Makarska"]
[Date "1994.??.??"]
[Round "9"]
[White "Dizdar, Goran"]
[Black "Stevic, Hrvoje"]
[Result "1/2-1/2"]
[WhiteElo "2500"]
[BlackElo "2200"]

1.d4 Nf6 2.Nf3 g6 3.c4 Bg7 4.g3 d6 5.Bg2 O-O 6.O-O Nbd7 7.Nc3 e5 8.e4 c6
9.h3 Qb6 10.d5 Nc5 11.Qe2 Qa6 12.Bg5 cxd5 13.Bxf6 Bxf6 14.Nxd5 Bd8 15.b4 Ne6
16.a4 b6 17.Rfd1 Qb7 18.Rab1 Qc6 19.Qa2 a5 20.b5 Qb7 21.Nd2 Nc5 22.Nb3 Nxb3
23.Qxb3 Be6 24.h4 Rc8 25.Rbc1 Rc5 26.Qd3 Qc8 27.Ne3 Be7 28.Kh2 Rd8 29.Qf1 Bf8
30.Bh3 Bh6 31.Bxe6 Qxe6 32.Qe2 Bxe3 33.Qxe3  1/2-1/2

[Event "CRO-chT"]
[Site "Makarska"]
[Date "1994.??.??"]
[Round "9"]
[White "Bukal, Vladimir Sr"]
[Black "Sudar, Boris"]
[Result "1-0"]
[WhiteElo "2405"]
[BlackElo "2265"]

1.d4 Nf6 2.c4 g6 3.g3 Bg7 4.Bg2 d6 5.Nf3 O-O 6.Nc3 Nbd7 7.O-O e5 8.e4 c6
9.h3 Qb6 10.Re1 Re8 11.d5 cxd5 12.cxd5 Nc5 13.Rb1 a5 14.Bf1 Bd7 15.Be3 Rec8
16.Nd2 Qd8 17.Nc4 Ne8 18.a4 f5 19.b4 axb4 20.Rxb4 Ra6 21.a5 f4 22.Bc1 Rc7
23.Nb5 Bxb5 24.Rxb5 Nf6 25.Qc2 Qd7 26.Nxe5 Ncxe4 27.Nxd7 Rxc2 28.Nxf6+ Bxf6
29.Bxf4 Nxf2 30.Rxb7 Ra8 31.a6 Bd4 32.Be3 Re8 33.a7 Nxh3+ 34.Kh1 Bxe3 35.Rxe3 Nf2+
36.Kg1 Rf8 37.Rb8 Ra2 38.Ree8  1-0

[Event "Marijampole op"]
[Site "Marijampole"]
[Date "1994.??.??"]
[Round "3"]
[White "Splosnov, Sergei"]
[Black "Csomor, Bea"]
[Result "1-0"]
[WhiteElo "2280"]
[BlackElo "2100"]

1.d4 Nf6 2.Nf3 g6 3.g3 Bg7 4.Bg2 O-O 5.c4 d6 6.O-O Nbd7 7.Nc3 c6 8.e4 e5
9.h3 a6 10.dxe5 Nxe5 11.Nxe5 dxe5 12.Be3 Be6 13.b3 Rc8 14.Kh2 Nd7 15.Na4 f5
16.exf5 gxf5 17.Nc5 Nxc5 18.Bxc5 Rf7 19.Qe2 Qc7 20.Rad1 Rd8 21.Qe3 Rxd1 22.Rxd1 Rd7
23.Rd2 Rxd2 24.Qxd2 Qd7 25.Qb4 Qf7 26.Qd2 Qd7 27.Qb4 Qf7 28.Qb6 h6 29.Qd8+ Kh7
30.Be7 f4 31.Be4+ Bf5 32.Qd3 fxg3+ 33.fxg3 Bxe4 34.Qxe4+ Qg6 35.Qxg6+ Kxg6
36.Kg2 Kf5 37.Kf3 Ke6 38.Bc5 b5 39.g4 a5 40.a4 bxa4 41.bxa4 Bf6 42.Ke4 Bd8
43.Be3 Bg5 44.Bb6 Bd2 45.Be3 Bxe3 46.Kxe3 Kf6 47.h4  1-0

[Event "Wch U20 Girls"]
[Site "Matinhos"]
[Date "1994.??.??"]
[Round "?"]
[White "Khurtsidze, Nino"]
[Black "Grosar, Kiti"]
[Result "1-0"]
[WhiteElo "2295"]
[BlackElo "2160"]

1.d4 Nf6 2.Nf3 g6 3.g3 Bg7 4.c4 d6 5.Bg2 O-O 6.O-O Nc6 7.Nc3 a6 8.d5 Na5
9.Nd2 c5 10.Qc2 Rb8 11.b3 b5 12.Bb2 Bh6 13.f4 bxc4 14.bxc4 e5 15.dxe6 Bxe6
16.Nd5 Bxd5 17.cxd5 Rxb2 18.Qxb2 Bg7 19.Qc1 Ng4 20.Rb1 Bd4+ 21.Kh1 Nf2+ 22.Rxf2 Bxf2
23.Qa3 f5 24.Qd3 Qc8 25.e3 c4 26.Qe2 c3 27.Nf1 Qc4 28.Qxf2 c2 29.Rc1 Rc8
30.e4 Qxa2 31.Ne3 Qb1 32.Qe1 Qb2 33.exf5 Nb3 34.Rxc2 Rxc2 35.Nxc2 Qxc2 36.Qe8+ Kg7
37.f6+  1-0

[Event "Wch U20 Girls"]
[Site "Matinhos"]
[Date "1994.??.??"]
[Round "?"]
[White "Khurtsidze, Nino"]
[Black "Repkova Eid, Eva"]
[Result "1-0"]
[WhiteElo "2295"]
[BlackElo "2295"]

1.d4 Nf6 2.Nf3 g6 3.g3 Bg7 4.c4 d6 5.Bg2 O-O 6.O-O Nc6 7.Nc3 Bf5 8.Ne1 Qc8
9.e4 Bh3 10.Nc2 e5 11.d5 Ne7 12.Be3 Bxg2 13.Kxg2 Ng4 14.Bd2 f5 15.f3 Nf6
16.Qe2 Rf7 17.b4 h5 18.c5 h4 19.Rac1 Qd7 20.Na3 Raf8 21.cxd6 cxd6 22.Qb5 Qd8
23.Qc4 Nh5 24.Ncb5 Nc8 25.Qxc8 Qxc8 26.Rxc8 Rxc8 27.Nxd6 Rcc7 28.Nxf7 Rxf7
29.exf5 gxf5 30.Bg5 hxg3 31.hxg3 Bf8 32.Rh1 Nf6 33.Bxf6 Rxf6 34.Nc4 Bxb4
35.Rb1 a5 36.a3 b5 37.Nxe5 Bc3 38.Nc6 b4 39.axb4 axb4 40.Rb3 Be1 41.Rd3 Kh7
42.d6 Rg6 43.f4 b3 44.d7 Bxg3 45.Ne7 b2 46.Nxg6  1-0

[Event "Wch U20 Girls"]
[Site "Matinhos"]
[Date "1994.??.??"]
[Round "?"]
[White "Repkova Eid, Eva"]
[Black "Grosar, Kiti"]
[Result "0-1"]
[WhiteElo "2295"]
[BlackElo "2160"]

1.d4 Nf6 2.c4 g6 3.g3 Bg7 4.Bg2 d6 5.Nf3 O-O 6.O-O a6 7.Nc3 Nc6 8.d5 Na5
9.Nd2 c5 10.Qc2 Rb8 11.b3 b5 12.Bb2 Bh6 13.f4 bxc4 14.bxc4 e5 15.dxe6 Bxe6
16.Nd5 Rxb2 17.Qxb2 Bg7 18.Qa3 Bxd5 19.cxd5 Ng4 20.Rae1 Ne3 21.Kh1 Re8 22.Rg1 Bd4
23.Rc1 Ng4 24.Rgf1 Rxe2 25.Ne4 Ne3 26.Bf3 Rb2 27.Rfe1 Nc2 28.Qxb2 Bxb2 29.Rxc2 Bd4
30.h4 Qd7 31.h5 h6 32.hxg6 fxg6 33.Rce2 Nc4 34.Kh2 Nb6 35.Nxd6 Qxd6 36.Re6 Qd8
37.d6 Kf8 38.Bc6 Nd7 39.Rxg6 Nf6 40.Re6 Qa5 41.f5 Qxa2+ 42.Kh3 Qa1 43.Bg2 h5
44.Rh6 Kg7 45.d7 Nxd7 46.Rxa6 Qd1 47.Rhg6+ Kf8 48.Rad6 Ne5 49.Rdf6+ Ke7 50.Re6+ Kf7
51.Ref6+ Ke7 52.Re6+ Kf8 53.Ref6+ Nf7 54.Rc6 Be3 55.Rc8+ Nd8 56.Rf6+ Ke7
57.Rg6 Qd7 58.Rg7+ Nf7 59.Rb8 Qxf5+ 60.Kh2 Kf6 61.Rgg8 h4 62.Rb6+ Ke5 63.g4 Qf4+
64.Kh1 Qg3 65.Re8+ Kd4 66.Rb1 h3 67.Rd1+ Kc3 68.Be4 c4 69.Rc8 Ne5 70.Rc7 Qxg4  0-1

[Event "Melbourne"]
[Site "Melbourne"]
[Date "1994.??.??"]
[Round "4"]
[White "Kagan, Naum"]
[Black "Chapman, Mark"]
[Result "1-0"]
[WhiteElo "2335"]
[BlackElo "2360"]

1.d4 Nf6 2.Nf3 g6 3.g3 Bg7 4.Bg2 O-O 5.c4 d6 6.Nc3 Nc6 7.O-O Bf5 8.b3 Ne4
9.Bb2 Nxc3 10.Bxc3 Be4 11.e3 e6 12.Re1 a5 13.a3 d5 14.Bf1 g5 15.Nd2 Bg6 16.b4 axb4
17.axb4 Ne7 18.c5 c6 19.Rxa8 Qxa8 20.Qb3 Qb8 21.Ra1 f6 22.b5 cxb5 23.Bxb5 e5
24.Bf1 Kh8 25.Bg2 Be8 26.dxe5 fxe5 27.Qb2 Bc6 28.Nb3 d4 29.exd4 Bxg2 30.Kxg2 Nd5
31.Rd1 Qc8 32.dxe5 Nf4+ 33.Kf1 Qh3+ 34.Ke1 Ng2+ 35.Kd2 Rxf2+ 36.Kc1 Qf5 37.e6 Kg8
38.e7 Kf7 39.Nd4 Bxd4 40.Qb3+ Kxe7 41.Bxd4 Qf3 42.Qxf3 Rxf3 43.Kd2 Ra3 44.Rg1 Ra2+
45.Kd3 Ke6 46.Ke4 Re2+ 47.Kf3 Rd2 48.Bf2  1-0

[Event "Minsk op"]
[Site "Minsk"]
[Date "1994.??.??"]
[Round "8"]
[White "Rustemov, Alexander"]
[Black "Saltaev, Mihail"]
[Result "1-0"]
[WhiteElo "2435"]
[BlackElo "2480"]

1.d4 Nf6 2.Nf3 g6 3.c4 Bg7 4.g3 O-O 5.Bg2 d6 6.Nc3 Nbd7 7.O-O e5 8.e4 c6
9.h3 Ne8 10.Bg5 f6 11.Be3 Qe7 12.Qd2 f5 13.Bg5 Qf7 14.dxe5 dxe5 15.exf5 gxf5
16.Rfe1 e4 17.Nh4 Ne5 18.f3 Nxc4 19.Qc2 Nc7 20.fxe4 Ne6 21.Nf3 f4 22.e5 fxg3
23.Bf6 Bxf6 24.exf6 Nd6 25.Rad1 Qc7 26.Qb3 Rxf6 27.Ng5 Qe7 28.Bd5 cxd5 29.Nxd5 Rf1+
30.Rxf1 Qxg5 31.Nf6+ Kh8 32.Rd5 Qh4 33.Rxd6 Qxh3 34.Rd8+ Kg7 35.Rg8+ Kf7
36.Rxg3 Qxf1+ 37.Kxf1 Kxf6 38.Rf3+ Ke7 39.Qb4+ Ke8 40.Qd6 a5 41.Rf6 Ra6 42.Rxe6+  1-0

[Event "Mlada Boleslav op"]
[Site "Mlada Boleslav"]
[Date "1994.??.??"]
[Round "2"]
[White "Bagaturov, Giorgi"]
[Black "Onoprienko, Vladimir"]
[Result "0-1"]
[WhiteElo "2500"]
[BlackElo "2315"]

1.d4 Nf6 2.Nf3 g6 3.g3 Bg7 4.Bg2 O-O 5.c4 d6 6.Nc3 Nc6 7.O-O Bf5 8.Ne1 Qd7
9.e4 Bh3 10.Nc2 a6 11.Re1 Bxg2 12.Kxg2 e5 13.d5 Nd4 14.Be3 Nxc2 15.Qxc2 Ng4
16.Bd2 f5 17.f3 Nf6 18.exf5 gxf5 19.Bg5 Nh5 20.Qd2 Qf7 21.Kh1 Qg6 22.Rg1 Kh8
23.Raf1 Rae8 24.b4 e4 25.Be3 exf3 26.Bg5 Re4 27.Rxf3 Rd4 28.Qc1 Rxc4 29.Bd2 Nf6
30.Qf1 Ne4 31.Nxe4 Rxe4 32.b5 axb5 33.Qxb5 Rfe8 34.Rgf1 Re2 35.R3f2 Qh5 36.Qd3 Kg8
37.Kg1 R8e4 38.Bc3 R2e3 39.Qb5 Bxc3  0-1

[Event "Mlada Boleslav op"]
[Site "Mlada Boleslav"]
[Date "1994.??.??"]
[Round "4"]
[White "Bagaturov, Giorgi"]
[Black "Divis, Josef"]
[Result "1-0"]
[WhiteElo "2500"]
[BlackElo "2305"]

1.d4 Nf6 2.Nf3 g6 3.g3 Bg7 4.Bg2 O-O 5.c4 d6 6.O-O c6 7.Nc3 Bf5 8.Ne1 Na6
9.e4 Bg4 10.f3 Be6 11.Qe2 Qa5 12.Be3 Rfc8 13.a3 c5 14.d5 Bd7 15.Nd3 Qd8 16.Rad1 Rab8
17.g4 b5 18.cxb5 Bxb5 19.Nxb5 Rxb5 20.Nxc5 Rbxc5 21.Qxa6 Ra5 22.Qe2 Nd7 23.Rc1 Rb8
24.Rc2 a6 25.Rfc1 Rab5 26.b4 a5 27.Qxb5 Rxb5 28.Rc8 Rb8 29.Rxd8+ Rxd8 30.Rc7 axb4
31.axb4 Kf8 32.Bf1 Ne5 33.Kg2 e6 34.b5 exd5 35.exd5 Nd7 36.b6  1-0

[Event "Mlada Boleslav op"]
[Site "Mlada Boleslav"]
[Date "1994.??.??"]
[Round "6"]
[White "Bagaturov, Giorgi"]
[Black "Horak, Michal"]
[Result "0-1"]
[WhiteElo "2500"]
[BlackElo "2325"]

1.d4 Nf6 2.Nf3 g6 3.g3 Bg7 4.Bg2 O-O 5.c4 d6 6.Nc3 c5 7.d5 Na6 8.O-O Nc7
9.e4 a6 10.a4 b6 11.Re1 Rb8 12.Qe2 b5 13.h3 bxc4 14.Qxc4 Nd7 15.Qe2 a5 16.Bf4 Ba6
17.Qc2 Rb4 18.Rab1 Nb6 19.Nd2 Qd7 20.Nb3 Bd3 21.Qxd3 Rxb3 22.Qc2 c4 23.e5 Na6
24.Qd2 Nc5 25.Bf1 Rb8 26.e6 fxe6 27.dxe6 Qe8 28.Bh6 Qf8 29.Bxg7 Qxg7 30.Qg5 Ncxa4
31.Nxa4 Nxa4 32.Qxa5 Nxb2 33.Qc7 d5 34.Ra1 Nd3 35.Bxd3 cxd3 36.Rad1 Rf8 37.Qc1 Rb2
38.Rf1 Qd4 39.Rxd3 Rfxf2 40.Qxb2 Rxf1+  0-1

[Event "Mlada Boleslav op"]
[Site "Mlada Boleslav"]
[Date "1994.??.??"]
[Round "7"]
[White "Smejkal, Jan"]
[Black "Oral, Tomas"]
[Result "1-0"]
[WhiteElo "2510"]
[BlackElo "2380"]

1.Nf3 g6 2.d4 Bg7 3.c4 Nf6 4.g3 O-O 5.Bg2 d6 6.O-O Nc6 7.d5 Na5 8.Nbd2 c5
9.e4 e6 10.Rb1 Rb8 11.b4 cxb4 12.Rxb4 Nd7 13.Ba3 Nc5 14.e5 Nd3 15.Rb5 Nxe5
16.Nxe5 Bxe5 17.Bb4 b6 18.Bxa5 Qc7 19.Qb3 Bd7 20.Bb4 Bxb5 21.cxb5 exd5 22.Bxd5 Rbd8
23.Ne4 Rd7 24.Rd1 Rfd8 25.Bc6 Re7 26.Kf1  1-0

[Event "Mondariz op"]
[Site "Mondariz"]
[Date "1994.??.??"]
[Round "?"]
[White "Izeta Txabarri, Felix"]
[Black "Hillarp Persson, Tiger"]
[Result "0-1"]
[WhiteElo "2505"]
[BlackElo "2380"]

1.d4 Nf6 2.Nf3 g6 3.c4 Bg7 4.g3 O-O 5.Bg2 d6 6.O-O Nbd7 7.Nc3 e5 8.e4 c6
9.h3 exd4 10.Nxd4 Qa5 11.Re1 Ne5 12.Bf1 Re8 13.Be3 Be6 14.Nxe6 Rxe6 15.Kg2 Ned7
16.Qd2 Rae8 17.f3 a6 18.Rac1 Qd8 19.b4 Qe7 20.Red1 Qf8 21.Ne2 d5 22.cxd5 cxd5
23.Nf4 Re5 24.Bd4 dxe4 25.Bxe5 exf3+ 26.Kxf3 Nxe5+ 27.Kg2 Ne4 28.Qc2 Nc6
29.a3 Nd4 30.Qd3 Nf5 31.Rc7 Nexg3 32.Nd5 Be5 33.Rxb7 Qg7 34.Qc4 Bd6 35.Kg1 Qe5
36.Rd2 Nxf1 37.Qxf1 Qg3+ 38.Rg2 Qe5 39.Qd1 Ne3 40.Nxe3 Qxe3+ 41.Kf1 Bg3 42.Re2 Qf3+  0-1

[Event "Mondariz op"]
[Site "Mondariz"]
[Date "1994.??.??"]
[Round "?"]
[White "Paunovic, Dragan"]
[Black "Matamoros Franco, Carlos S"]
[Result "1-0"]
[WhiteElo "2430"]
[BlackElo "2420"]

1.Nf3 Nf6 2.c4 g6 3.g3 Bg7 4.Bg2 d6 5.d4 O-O 6.O-O Nbd7 7.Qc2 e5 8.Rd1 Re8
9.e4 c6 10.Nc3 Qc7 11.h3 b5 12.c5 dxc5 13.dxe5 Nxe5 14.Nxe5 Qxe5 15.Bf4 Qh5
16.e5 Nd5 17.Nxd5 cxd5 18.Bxd5 Bxh3 19.Bxa8 Rxa8 20.Qe4 Re8 21.Rd5 Bf5 22.Qg2 Bf8
23.Re1 Be6 24.Rd2 Bg4 25.Qh1 Qxh1+ 26.Kxh1 h6 27.Kg2 g5 28.Be3 Kh7 29.f4 Kg6
30.Rc1 Rc8 31.Rf2 Bf5 32.fxg5 hxg5 33.g4 Be4+ 34.Kg3 Be7 35.Rd2 Rc7 36.Rcd1 Bc6
37.Rd6+ Bxd6 38.Rxd6+ Kg7 39.Bxg5 Bd7 40.Bd8  1-0

[Event "Moscow ol (Women)"]
[Site "Moscow"]
[Date "1994.??.??"]
[Round "1"]
[White "Shumiakina, Tatiana"]
[Black "Sekulovska, Vesna"]
[Result "1-0"]
[WhiteElo "2330"]
[BlackElo "2055"]

1.Nf3 Nf6 2.c4 g6 3.d4 Bg7 4.g3 O-O 5.Bg2 d6 6.O-O Nbd7 7.Nc3 e5 8.Qc2 c6
9.Rd1 Qe7 10.e4 exd4 11.Nxd4 a5 12.h3 Nc5 13.Bf4 Nfd7 14.Nb3 Ne5 15.Nxc5 dxc5
16.Na4 Be6 17.Be3 Nd7 18.f4 Rfd8 19.Rac1 Rac8 20.Qf2 b6 21.Nxb6 Nxb6 22.Bxc5 Qb7
23.Rxd8+ Rxd8 24.Bxb6 Qxb6 25.Qxb6 Bd4+ 26.Qxd4 Rxd4 27.g4 a4 28.b3 a3 29.f5 Bd7
30.Rc2 c5 31.Kf2 Rd3 32.Bf3 Bc6 33.Ke2 Rd8 34.Rd2 Re8 35.Ke3 Kf8 36.Rd6  1-0

[Event "Moscow ol (Women)"]
[Site "Moscow"]
[Date "1994.??.??"]
[Round "1"]
[White "Maric, Alisa"]
[Black "Sepulveda, Laura Alicia"]
[Result "1-0"]
[WhiteElo "2400"]
[BlackElo "2030"]

1.Nf3 Nf6 2.c4 d6 3.d4 g6 4.g3 Bg7 5.Bg2 O-O 6.O-O Nbd7 7.Nc3 e5 8.e4 Re8
9.Re1 exd4 10.Nxd4 Ne5 11.b3 Bd7 12.h3 Qc8 13.Kh2 Kh8 14.Be3 Ng8 15.Qc2 Ne7
16.f4 N5c6 17.Nf3 f5 18.e5 dxe5 19.fxe5 Nxe5 20.Nxe5 Bxe5 21.Bg5 Ng8 22.Rxe5 Rxe5
23.Nd5 h6 24.Bc1 Kh7 25.Bb2 Rxd5 26.Qc3 Nf6 27.Qxf6 Qf8 28.Bxd5 Qxf6 29.Bxf6 c6
30.Re1 Re8 31.Rxe8 Bxe8  1-0

[Event "Moscow ol (Men)"]
[Site "Moscow"]
[Date "1994.??.??"]
[Round "2"]
[White "Guliev, Sarhan"]
[Black "Bouaziz, Slim"]
[Result "1-0"]
[WhiteElo "2490"]
[BlackElo "2515"]

1.d4 Nf6 2.c4 g6 3.Nf3 Bg7 4.g3 O-O 5.Bg2 d6 6.O-O Nc6 7.Nc3 a6 8.b3 Rb8
9.e3 b5 10.Nd2 Bd7 11.Bb2 e5 12.d5 Ne7 13.cxb5 axb5 14.b4 c6 15.dxc6 Bxc6
16.Nde4 Ne8 17.Qb3 Rb6 18.Rfd1 Qb8 19.Rd2 h6 20.Rad1 Bd7 21.f4 Bg4 22.Rc1 Be6
23.Qd1 f5 24.Nf2 e4 25.Bf1 Nf6 26.Be2 Rc8 27.a3 Bc4 28.Bxc4+ Rxc4 29.Qb3 d5
30.Ne2 Rbc6 31.Re1 Ne8 32.Nd1 Qc7 33.Bxg7 Nxg7 34.Nb2 Rc2 35.Red1 Ne6 36.a4 bxa4
37.Nxa4 Rxd2 38.Rxd2 Ra6 39.b5 Rd6 40.b6 Qb7 41.Rc2 Kf7 42.Nec3 g5 43.Nb5 Rc6
44.Qb4 Qb8 45.Rxc6 Nxc6 46.Qc3 Ne7 47.b7 Kg6 48.Qe5 Qxe5 49.fxe5 Nc6 50.Nb6 Nc5
51.Nd6 Na6 52.Nd7 d4 53.exd4 Nxd4 54.Kf2 Nc6 55.e6 f4 56.gxf4 gxf4 57.Nxe4 Kf5
58.Nec5  1-0

[Event "Moscow op"]
[Site "Moscow"]
[Date "1994.??.??"]
[Round "2"]
[White "Mochalov, Evgeny V"]
[Black "Frolov, Y."]
[Result "1/2-1/2"]
[WhiteElo "2450"]
[BlackElo "2320"]

1.d4 Nf6 2.c4 g6 3.g3 Bg7 4.Bg2 d6 5.Nf3 O-O 6.O-O Nbd7 7.Qc2 e5 8.Rd1 Re8
9.e4 exd4 10.Nxd4 Nc5 11.Nc3 a5 12.Rb1 c6 13.h3 Qc7 14.f3 Nh5 15.Nce2 f5
16.g4 Nf6 17.exf5 gxf5 18.Ng3 fxg4 19.hxg4 Qf7 20.Ndf5 Bxf5 21.Nxf5 Bf8 22.Rxd6 Re1+
23.Bf1 Nxg4 24.fxg4 Rxf1+ 25.Kxf1 Bxd6 26.Be3 Bf8 27.Rd1 Re8 28.Bxc5 Bxc5
29.Re1 Rxe1+ 30.Kxe1 Qe6+ 31.Qe2 Qxe2+ 32.Kxe2 Kf7 33.Kf3 Kf6 34.Kf4 b5 35.cxb5 cxb5
36.b3 a4 37.bxa4 bxa4 38.g5+ Kg6 39.Nh4+ Kf7 40.Kf5 a3 41.Nf3 Bd6 42.Nd2 Be7
43.Ne4 Bb4 44.Nf6 Kg7 45.Nd5 Bc5 46.Nf4 Be7 47.Nd3 Bf8 48.Ne5 Be7 49.Nd3 Bf8  1/2-1/2

[Event "Moscow ol (Women)"]
[Site "Moscow"]
[Date "1994.??.??"]
[Round "2"]
[White "Cuevas Rodriguez, Ma Luisa"]
[Black "Micic, Jordanka"]
[Result "1-0"]
[WhiteElo "2240"]
[BlackElo "2345"]

1.d4 Nf6 2.c4 g6 3.Nf3 Bg7 4.g3 O-O 5.Bg2 d6 6.O-O Nbd7 7.Nc3 e5 8.e4 c6
9.h3 Ne8 10.Re1 exd4 11.Nxd4 Qb6 12.Nb3 a5 13.Be3 Qb4 14.a3 Qxc4 15.Nd4 f6
16.Bf1 Qf7 17.b3 Kh8 18.Bc4 Qe7 19.Ne6 b5 20.Nxf8 bxc4 21.Nxd7 Bxd7 22.h4 cxb3
23.Qxb3 Bg4 24.Kg2 a4 25.Qc4 Qe6 26.Qb4 Qd7 27.Rab1 Be6 28.Qb7 Qxb7 29.Rxb7 f5
30.Bd2 Bb3 31.exf5 gxf5 32.Ree7 d5 33.Ra7 Rc8 34.Nxa4 Bxa4 35.Rxa4 c5 36.Raa7 d4
37.h5 c4 38.h6 Bf6 39.Rxh7+ Kg8 40.Rhf7  1-0

[Event "Moscow ol (Men)"]
[Site "Moscow"]
[Date "1994.??.??"]
[Round "3"]
[White "Matlak, Marek"]
[Black "Gadjilu, Rauf"]
[Result "1/2-1/2"]
[WhiteElo "2490"]
[BlackElo "2260"]

1.d4 Nf6 2.Nf3 g6 3.c4 Bg7 4.g3 O-O 5.Bg2 d6 6.O-O Nbd7 7.Qc2 e5 8.Rd1 Re8
9.e4 c6 10.Nc3 Qe7 11.b3 exd4 12.Nxd4 Nc5 13.f3 a5 14.Be3 d5 15.cxd5 cxd5
16.Bg5 Ne6 17.Nxd5 Nxd5 18.Bxe7 Nxd4 19.Qf2 Nxf3+ 20.Bxf3 Nxe7 21.Rac1 Nc6
22.Be2 a4 23.bxa4 Rxa4 24.Bb5 Rb4 25.Bxc6 bxc6 26.Rxc6 Rbxe4 27.Rxc8 Rxc8
28.Rd7 Rf8 29.Kg2 Rb4 30.Kh3 Rb2 31.Qa7 h5 32.Rb7 Re2 33.Re7 Rb2 34.Rb7 Re2
35.Re7 Rb2  1/2-1/2

[Event "Moscow ol (Men)"]
[Site "Moscow"]
[Date "1994.??.??"]
[Round "3"]
[White "Braso, Jorge"]
[Black "Peralta, Eduardo"]
[Result "0-1"]
[WhiteElo "2270"]
[BlackElo "2285"]

1.d4 Nf6 2.Nf3 g6 3.c4 Bg7 4.g3 O-O 5.Bg2 d6 6.O-O c5 7.Nc3 Nc6 8.d5 Na5
9.Qd3 a6 10.e4 Rb8 11.Re1 e5 12.dxe6 Bxe6 13.Nd5 Nxd5 14.cxd5 Bg4 15.Bg5 f6
16.Bd2 b5 17.h3 Bd7 18.Rab1 Nc4 19.b3 Nxd2 20.Nxd2 Qb6 21.Rf1 Rbe8 22.Kh2 Re7
23.f4 Rfe8 24.Rbe1 Qa5 25.Qc2 Rc8 26.Re3 f5 27.Rfe1 Bd4 28.R3e2 fxe4 29.Nxe4 Bf5
30.g4 Bxe4 31.Bxe4 Rce8 32.Bf3 Qxe1 33.Rxe1 Rxe1 34.Kg3 R8e3  0-1

[Event "Moscow ol (Women)"]
[Site "Moscow"]
[Date "1994.??.??"]
[Round "3"]
[White "Voiska, Margarita"]
[Black "Lumongdong, Lisa Karlina"]
[Result "1-0"]
[WhiteElo "2350"]
[BlackElo "2090"]

1.d4 Nf6 2.c4 g6 3.Nf3 Bg7 4.g3 O-O 5.Bg2 d6 6.O-O Nbd7 7.Qc2 e5 8.Rd1 Qe7
9.Nc3 c6 10.b3 exd4 11.Nxd4 Re8 12.e4 Nc5 13.f3 a5 14.Be3 d5 15.cxd5 cxd5
16.Bg5 Qd6 17.Bf4 Qb6 18.e5 Nfd7 19.Nxd5 Qd8 20.Nb5 Bxe5 21.Bxe5 Rxe5 22.Ndc7 Rb8
23.f4 Re8 24.Nxe8 Qxe8 25.Nd6 Qe3+ 26.Qf2 Qxf2+ 27.Kxf2 Nf6 28.h3 b6 29.g4 Ba6
30.Bf1 Nfe4+ 31.Nxe4 Nxe4+ 32.Ke3 Bb7 33.Rd4 Nc3 34.Kf2 Ne4+ 35.Kg1 Nc5 36.Rad1 Ne6
37.Rd6 Bf3 38.R1d2 Kg7 39.Kf2 Be4 40.Ke3 Nc5 41.Bb5 Rb7 42.Rd8 Bb1 43.Re8 Ne6
44.Rxe6 fxe6 45.Rb2  1-0